Informationelle Selbstbestimmung und DNA-Analysen: zur Zulässigkeit der DNA-Analyse am Menschen angesichts des informationellen Selbstbestimmungsrechts aus Art. 2 I i.V.m. Art. 1 I GG

Gespeichert in:  
Bibliographische Detailangaben
1. VerfasserIn: Stumper, Kai 1963- (Verfasst von)
Medienart: Druck Buch
Sprache:Deutsch
Veröffentlicht: Frankfurt am Main [u.a.] Lang 1996
In:Jahr: 1996
Online-Zugang: Inhaltsverzeichnis
Inhaltsverzeichnis
Verfügbarkeit prüfen: HBZ Gateway
Subito Bestelldienst: Jetzt bestellen.
Schlagwörter:

MARC

LEADER 00000cam a2200000 c 4500
001 197575943
003 DE-627
005 20260206194550.0
007 tu
008 960429s1996 gw ||||| m 00| ||ger c
015 |a 96,N19,0221  |2 dnb 
015 |a 96,A40,0395  |2 dnb 
016 7 |a 947009051  |2 DE-101 
020 |a 3631301952  |c  : ca. DM 84.00 (kart., freier Pr.)  |9 3-631-30195-2 
035 |a (DE-627)197575943 
035 |a (DE-603)048919608 
035 |a (DE-576)052033481 
035 |a (DE-599)GBV197575943 
035 |a (OCoLC)845158466 
035 |a (OCoLC)231663613 
035 |a (OCoLC)50479042 
040 |a DE-627  |b ger  |c DE-627  |e rakwb 
041 |a ger 
044 |c XA-DE  |c XA-CH  |c XD-US 
050 0 |a MLCS 2002/04431 
084 |a 19  |a 33  |a 32  |a 16  |2 sdnb 
084 |a PJ 2280  |2 rvk  |0 (DE-625)rvk/136655: 
084 |a PL 404  |2 rvk  |0 (DE-625)rvk/137006: 
100 1 |8 1\p  |a Stumper, Kai  |d 1963-  |0 (DE-588)129077933  |0 (DE-627)388709928  |0 (DE-576)297482181  |4 aut 
109 |a Stumper, Kai 1963- 
245 1 0 |a Informationelle Selbstbestimmung und DNA-Analysen  |b zur Zulässigkeit der DNA-Analyse am Menschen angesichts des informationellen Selbstbestimmungsrechts aus Art. 2 I i.V.m. Art. 1 I GG  |c Kai Stumper 
263 |a kart. : ca. DM 84.00 (freier Pr.) 
264 1 |a Frankfurt am Main [u.a.]  |b Lang  |c 1996 
300 |a 289 S  |c 21 cm 
336 |a Text  |b txt  |2 rdacontent 
337 |a ohne Hilfsmittel zu benutzen  |b n  |2 rdamedia 
338 |a Band  |b nc  |2 rdacarrier 
502 |a Zugl.: Darmstadt, Techn. Hochsch., Diss., 1996 
583 1 |a Archivierung prüfen  |c 20240324  |f DE-4165  |z 1  |2 pdager 
655 7 |a Hochschulschrift  |0 (DE-588)4113937-9  |0 (DE-627)105825778  |0 (DE-576)209480580  |2 gnd-content 
689 0 0 |d s  |0 (DE-588)4140250-9  |0 (DE-627)104603046  |0 (DE-576)209701218  |a Informationelles Selbstbestimmungsrecht  |2 gnd 
689 0 1 |d s  |0 (DE-588)4200230-8  |0 (DE-627)104602651  |0 (DE-576)21013402X  |a Genanalyse  |2 gnd 
689 0 |5 DE-101 
751 |a Darmstadt  |0 (DE-588)4011077-1  |0 (DE-627)106354434  |0 (DE-576)208891749  |4 uvp 
856 4 2 |u https://swbplus.bsz-bw.de/bsz052033481inh.htm  |m V:DE-576  |v 2005-01-20  |3 Inhaltsverzeichnis  |7 1 
856 4 2 |u http://scans.hebis.de/HEBCGI/show.pl?04891960_toc.pdf  |m V:DE-576  |q application/pdf  |3 Inhaltsverzeichnis  |7 1 
883 |8 1\p  |a cgwrk  |d 20241001  |q DE-101  |u https://d-nb.info/provenance/plan#cgwrk 
935 |i Blocktest 
935 |h HEB  |i 0501 
935 |h HEB  |i 0503 
936 r v |a PJ 2280  |b Forschung am Menschen (u.a. Reproduktionsmedizin, Genforschung und -technologie den Menschen betreffend)  |k Rechtswissenschaft  |k Medizinrecht (Biorecht, Recht des Gesundheitswesens, Arzneimittel- und Medizinproduktrecht, Medizinstrafrecht, Apothekenrecht)  |k Ethisch-rechtliche Fragen zum Medizin- und Biorecht  |k Forschung am Menschen (u.a. Reproduktionsmedizin, Genforschung und -technologie den Menschen betreffend)  |0 (DE-627)1448227755  |0 (DE-625)rvk/136655:  |0 (DE-576)378227750 
936 r v |a PL 404  |b Das allgemeine Freiheitsrecht  |k Rechtswissenschaft  |k Staatsrecht und Verfassungsgeschichte  |k Staatsrecht und Verfassungsrecht  |k Die Grund- und Menschenrechte, Grundpflichten  |k Das allgemeine Freiheitsrecht  |0 (DE-627)1271267438  |0 (DE-625)rvk/137006:  |0 (DE-576)201267438 
936 s n |a p100  |2 mzub 
936 s n |a w200  |2 mzub 
936 s n |a w100  |2 mzub 
936 s n |a m100  |2 mzub 
951 |a BO 
ELC |b 1 
LOK |0 000 xxxxxcx a22 zn 4500 
LOK |0 001 3119874116 
LOK |0 003 DE-627 
LOK |0 004 197575943 
LOK |0 005 20151116135832 
LOK |0 008 150728||||||||||||||||ger||||||| 
LOK |0 035   |a (DE-21-110)kd53470 
LOK |0 040   |a DE-21-110  |c DE-627  |d DE-21-110 
LOK |0 689   |a s  |a Genomanalyse 
LOK |0 689   |a s  |a Strafverfahren 
LOK |0 852   |z Kein Bestand am IfK; Nachweis für KrimDok 
LOK |0 852   |a DE-21-110 
LOK |0 852 1  |9 00 
LOK |0 935   |a k110 
LOK |0 939   |a 28-07-15  |b l01 
ORI |a SA-MARC-krimdoka001.raw